[Event "División  Honor Aragonesa 2018 "]
[Site "Aragon"]
[Date "2018.02.03"]
[Round "2.25"]
[White "Roche Simon, Manuel Angel"]
[Black "Del Rey, Diego"]
[Result "0-1"]
[WhiteElo "2210"]
[BlackElo "2323"]
[PlyCount "134"]
[EventDate "2018.??.??"]
[EventType "tourn"]
[EventRounds "10"]
[EventCountry "ESP"]

1. e4 e6 2. d4 d5 3. e5 c5 4. c3 Qb6 5. Nf3 Bd7 6. Be2 cxd4 7. cxd4 Bb5 8. O-O
Bxe2 9. Qxe2 Nc6 10. Nc3 Nge7 11. Be3 Nf5 12. Rad1 h5 13. Na4 Qa5 14. Qc2 Be7
15. a3 O-O 16. b4 Qa6 17. Rc1 Rac8 18. Qb3 Qb5 19. Qd1 Qa6 20. Qb3 Qb5 21. Qd1
a5 22. Nc3 Qb6 23. b5 Na7 24. a4 g6 25. Qd3 Rc7 26. Ne2 Rfc8 27. Rxc7 Qxc7 28.
Rc1 Qd8 29. Bd2 Rc7 30. h3 Rxc1+ 31. Nxc1 Qc7 32. g4 Ng7 33. Qc3 Bd8 34. Qxc7
Bxc7 35. Nb3 b6 36. Bg5 Nc8 37. Kg2 hxg4 38. hxg4 Ne8 39. Kf1 Kg7 40. Bf4 Kf8
41. Ke2 Ke7 42. Bc1 Kd7 43. Ba3 Bd8 44. Kd3 f5 45. gxf5 exf5 46. Bc1 Nc7 47.
Bg5 Ne6 48. Bxd8 Kxd8 49. Nc1 Ne7 50. Ne2 Ke8 51. Nd2 g5 52. f3 Kf7 53. Nf1 Ng6
54. Nfg3 Nh4 55. Ng1 Kg6 56. N3e2 g4 57. fxg4 fxg4 58. Nc3 Nf4+ 59. Ke3 Kg5 60.
Nge2 Nf5+ 61. Kf2 Nxe2 62. Kxe2 Nxd4+ 63. Kd3 Ne6 64. Nxd5 g3 65. Ke3 Kg4 66.
Nxb6 Kh3 67. Nd5 g2 0-1

[Event "División  Honor Aragonesa 2018 "]
[Site "Aragon"]
[Date "2018.02.03"]
[Round "2.26"]
[White "Villuendas Valero, Adrian"]
[Black "Llanes Luno, Ricardo"]
[Result "1/2-1/2"]
[WhiteElo "2291"]
[BlackElo "2179"]
[PlyCount "83"]
[EventDate "2018.??.??"]
[EventType "tourn"]
[EventRounds "10"]
[EventCountry "ESP"]

1. d4 Nf6 2. Bg5 e6 3. e4 h6 4. Bxf6 Qxf6 5. c3 c5 6. Nf3 Nc6 7. e5 Qd8 8. d5
exd5 9. Qxd5 d6 10. Bb5 Qb6 11. Na3 Be6 12. Qe4 d5 13. Qe2 a6 14. Ba4 Qa5 15.
Bxc6+ bxc6 16. O-O Be7 17. c4 Rb8 18. Ne1 g6 19. f4 h5 20. Rf2 Rb7 21. Qd2 Qxd2
22. Rxd2 g5 23. Rf2 gxf4 24. Nd3 f3 25. Rxf3 dxc4 26. Nf4 Bd5 27. Rc3 Bg5 28.
Nxc4 Bxc4 29. Rxc4 Bxf4 30. Rxf4 Rxb2 31. Rf2 Rxf2 32. Kxf2 Kd7 33. Rd1+ Kc7
34. Ke3 Re8 35. Kf4 Rb8 36. Rd2 Rb4+ 37. Kf5 Rd4 38. Rc2 c4 39. g3 Kb6 40. Kf6
Re4 41. Kf5 Rd4 42. Kf6 1/2-1/2

[Event "División  Honor Aragonesa 2018 "]
[Site "Aragon"]
[Date "2018.02.03"]
[Round "2.28"]
[White "Hernando Garcia, Antonio"]
[Black "Llanes Luno, Pedro Alfredo"]
[Result "1-0"]
[WhiteElo "2158"]
[BlackElo "2032"]
[PlyCount "59"]
[EventDate "2018.??.??"]
[EventType "tourn"]
[EventRounds "10"]
[EventCountry "ESP"]

1. Nf3 Nf6 2. c4 g6 3. Nc3 d6 4. g3 Bg7 5. Bg2 O-O 6. O-O e5 7. Rb1 h6 8. d3
Nc6 9. b4 Ne7 10. a4 Be6 11. Qb3 Qd7 12. Rd1 c6 13. b5 c5 14. Ne1 Bh3 15. Bh1
Ng4 16. Nc2 f5 17. f3 f4 18. Ne4 Nf6 19. gxf4 Nxe4 20. dxe4 exf4 21. Bb2 Qe6
22. Bxg7 Kxg7 23. Qc3+ Kh7 24. Rd3 Rae8 25. Kf2 Nf5 26. Ke1 Ne7 27. Rbd1 Nc8
28. a5 Qf7 29. Kd2 Be6 30. Na3 {Tiempo.} 1-0

[Event "División  Honor Aragonesa 2018 "]
[Site "Aragon"]
[Date "2018.02.03"]
[Round "2.29"]
[White "Cifuentes Parada, Roberto"]
[Black "Fernandez Rubio, Rafael"]
[Result "1-0"]
[WhiteElo "2465"]
[BlackElo "2056"]
[PlyCount "85"]
[EventDate "2018.??.??"]
[EventType "tourn"]
[EventRounds "10"]
[EventCountry "ESP"]

1. d4 d5 2. Nf3 Nf6 3. c4 c6 4. e3 e6 5. Bd3 Bd6 6. O-O O-O 7. Nc3 Nbd7 8. e4
dxe4 9. Nxe4 Nxe4 10. Bxe4 h6 11. Bc2 Nf6 12. b3 b5 13. c5 Bb8 14. Be3 a5 15.
Qd2 Ng4 16. Bf4 f5 17. Rfe1 Bxf4 18. Qxf4 g5 19. Qd2 Ra7 20. h3 Nf6 21. Ne5 Qe8
22. a4 b4 23. Nc4 Qh5 24. Nb6 g4 25. hxg4 Nxg4 26. Qf4 e5 27. dxe5 Be6 28. Rad1
Rg7 29. Rd6 Qg6 30. g3 Kh8 31. Kg2 h5 32. Bd3 h4 33. Rh1 Rh7 34. Bc4 h3+ 35.
Rxh3 Rxh3 36. Kxh3 Qh5+ 37. Kg2 Qh2+ 38. Kf1 Bxc4+ 39. Nxc4 Qh1+ 40. Ke2 Qh5
41. Kd2 Qh2 42. Ne3 Re8 43. Nxg4 1-0

[Event "División  Honor Aragonesa 2018 "]
[Site "Aragon"]
[Date "2018.02.03"]
[Round "2.30"]
[White "Muro Turon, Raul"]
[Black "Eizaguerri Floris, Maria"]
[Result "0-1"]
[WhiteElo "1884"]
[BlackElo "2119"]
[PlyCount "108"]
[EventDate "2018.??.??"]
[EventType "tourn"]
[EventRounds "10"]
[EventCountry "ESP"]

1. e4 c5 2. c3 b6 3. d4 Bb7 4. Bd3 Nf6 5. d5 c4 6. Bxc4 Nxe4 7. Nf3 e6 8. O-O
Be7 9. Bf4 Nd6 10. Bb3 O-O 11. Re1 Na6 12. a3 Nc5 13. Ba2 Ba6 14. Bc1 Nd3 15.
Re3 Nxc1 16. Qxc1 Nc4 17. Re1 Rc8 18. Nbd2 b5 19. Nxc4 bxc4 20. Qd2 Qb6 21.
Rad1 Rb8 22. Re2 Bf6 23. Ne5 Bxe5 24. Rxe5 Qxb2 25. Re2 Qxa3 26. Qd4 Qa4 27.
Bb1 Bb7 28. Ra2 Qb3 29. Rxa7 Bxd5 30. Ba2 Qb5 31. h3 Qc6 32. f3 h6 33. Rd2 Rb5
34. Ra4 Rb1+ 35. Bxb1 Qxa4 36. Be4 Bxe4 37. fxe4 Qa1+ 38. Kh2 Qc1 39. e5 Ra8
40. Rd1 Qc2 41. Rd2 Qb3 42. Rf2 Qb5 43. Rd2 Ra3 44. Rf2 Ra8 45. Rd2 Qd5 46. Qf4
Qc6 47. Rf2 Rf8 48. Rd2 f5 49. Rd6 Qb5 50. Qd4 Rf7 51. Rb6 Qa5 52. Rb7 Kh7 53.
Rxd7 Rxd7 54. Qxd7 Qxe5+ 0-1

[Event "División  Honor Aragonesa 2018 "]
[Site "Aragon"]
[Date "2018.02.03"]
[Round "2.31"]
[White "Ereza Vizcarra, Fernando"]
[Black "San Lazaro Lorente, David"]
[Result "1/2-1/2"]
[WhiteElo "2054"]
[BlackElo "1846"]
[PlyCount "71"]
[EventDate "2018.??.??"]
[EventType "tourn"]
[EventRounds "10"]
[EventCountry "ESP"]

1. d4 d5 2. Nf3 Nf6 3. Bf4 e6 4. e3 Be7 5. Bd3 Nbd7 6. Nbd2 b6 7. Ne5 Nxe5 8.
Bxe5 O-O 9. Qf3 c5 10. c3 cxd4 11. exd4 Bd6 12. Qh3 h6 13. f4 Bb7 14. O-O Ne4
15. Bxe4 dxe4 16. Rfe1 f5 17. Nc4 Bxe5 18. Nxe5 Qd5 19. Re3 Qb5 20. Rb1 Qa4 21.
Rbe1 Rad8 22. Rg3 Rf6 23. Qh5 Qxa2 24. Rg6 Rxg6 25. Qxg6 Rf8 26. c4 Bc8 27. Re2
Qa4 28. Kf2 Qd1 29. Nc6 Bd7 30. d5 exd5 31. cxd5 e3+ 32. Rxe3 Qd2+ 33. Re2
Qxf4+ 34. Ke1 Qc1+ 35. Kf2 Qf4+ 36. Kg1 1/2-1/2

[Event "División  Honor Aragonesa 2018 "]
[Site "Aragon"]
[Date "2018.02.03"]
[Round "2.32"]
[White "Carbonel Sanchez, Andres"]
[Black "Roque Sola, Andrea"]
[Result "0-1"]
[WhiteElo "1740"]
[BlackElo "1921"]
[PlyCount "92"]
[EventDate "2018.??.??"]
[EventType "tourn"]
[EventRounds "10"]
[EventCountry "ESP"]

1. e4 e6 2. d4 d5 3. exd5 exd5 4. Nf3 Bd6 5. Bd3 Ne7 6. O-O h6 7. h3 O-O 8. Ne5
c5 9. c3 cxd4 10. cxd4 Nbc6 11. Nxc6 Nxc6 12. Be3 Be6 13. Nc3 Qh4 14. Qf3 Nxd4
15. Bxd4 Qxd4 16. Nb5 Qe5 17. g3 Rfd8 18. Rfe1 Qg5 19. h4 Qg4 20. Qxg4 Bxg4 21.
Nxd6 Rxd6 22. Re7 Rd7 23. Rae1 Kf8 24. R7e5 f6 25. R5e3 d4 26. Re4 Bf5 27. Bb5
Bxe4 28. Bxd7 Bc6 29. Bxc6 bxc6 30. Re6 Rc8 31. Rd6 c5 32. Rd7 Rb8 33. b3 a5
34. Rc7 Rb5 35. Kf1 a4 36. bxa4 Ra5 37. Ke2 Ke8 38. Kd3 Kd8 39. Rxg7 Rxa4 40.
Rf7 Ra3+ 41. Kc4 Rc3+ 42. Kb5 d3 43. Rxf6 Ke7 44. Rf5 Ke6 45. Rf8 c4 46. Kb4 d2
0-1

[Event "Cto Aragon Equipos Pref Gr I "]
[Site "Aragon"]
[Date "2018.02.03"]
[Round "2.33"]
[White "Lopez Caudevilla, David"]
[Black "Ocabo Vera, Pedro Aristides"]
[Result "1-0"]
[WhiteElo "2115"]
[BlackElo "1800"]
[PlyCount "39"]
[EventDate "2018.??.??"]
[EventType "tourn"]
[EventRounds "9"]
[EventCountry "ESP"]

1. e4 d6 2. d4 g6 3. Nc3 Bg7 4. Be3 Nd7 5. Qd2 b6 6. f3 Bb7 7. O-O-O c5 8. Bb5
Rc8 9. e5 Bc6 10. exd6 exd6 11. dxc5 dxc5 12. Nh3 Bxc3 13. Qxc3 Qf6 14. Qd3
Bxb5 15. Qxb5 Qc6 16. Qd3 Ngf6 17. Bh6 Rc7 18. Ng5 Rg8 19. Rhe1+ Kd8 20. Qa6
1-0

[Event "Cto Aragon Equipos Pref Gr I "]
[Site "Aragon"]
[Date "2018.02.03"]
[Round "2.34"]
[White "Rodriguez Aranda, Kevin"]
[Black "Serrano San Nicolas, Angel"]
[Result "1/2-1/2"]
[WhiteElo "1734"]
[BlackElo "1998"]
[PlyCount "154"]
[EventDate "2018.??.??"]
[EventType "tourn"]
[EventRounds "9"]
[EventCountry "ESP"]

1. e4 g6 2. d4 Bg7 3. Nf3 d6 4. Bc4 e6 5. O-O a6 6. a4 b6 7. c3 Bb7 8. Re1 h6
9. Qe2 Ne7 10. Bf4 Nd7 11. Na3 Qb8 12. Rad1 Qa7 13. Nc2 Nf8 14. b4 g5 15. Bg3
Nh7 16. h3 Ng6 17. e5 Bxf3 18. Qxf3 d5 19. Bd3 Ne7 20. h4 Nf8 21. Qg4 Nfg6 22.
Bxg6 Nxg6 23. hxg5 h5 24. Qf3 h4 25. Bh2 c6 26. c4 Qe7 27. b5 axb5 28. axb5
Qxg5 29. bxc6 Ne7 30. Ne3 dxc4 31. Nxc4 O-O 32. Nxb6 Ra6 33. Nd7 Rc8 34. c7
Rxc7 35. Nf6+ Kh8 36. Qd3 Bxf6 37. exf6 Nd5 38. Bxc7 Nxc7 39. Re5 Qxf6 40. Rb1
Ra8 41. Rh5+ Kg7 42. Qh7+ Kf8 43. Qh8+ Ke7 44. Qxf6+ Kxf6 45. Rxh4 Ra7 46. Rf4+
Ke7 47. Re1 Ra4 48. Rb1 Ra7 49. Re4 Kd7 50. g4 Kd6 51. Re5 Nd5 52. g5 Ra4 53.
Rd1 Ra8 54. Kg2 Rg8 55. Kf3 Ra8 56. Kg4 Rg8 57. Kh5 Rh8+ 58. Kg4 Rg8 59. Ree1
Rg6 60. f4 f5+ 61. Kf3 Rg8 62. Ra1 Rb8 63. Ra6+ Kd7 64. Raxe6 Rb3+ 65. R1e3 Rb1
66. R3e5 Rb3+ 67. Re3 Rb1 68. Re1 Rb2 69. g6 Rb3+ 70. R1e3 Nxe3 71. g7 Ng4+ 72.
Kg2 Rb8 73. Rg6 Rg8 74. Kg3 Ke7 75. Kh4 Kf7 76. Kg5 Ne3 77. Kh6 Ng4+ 1/2-1/2

[Event "Cto Aragon Equipos Pref Gr I "]
[Site "Aragon"]
[Date "2018.02.03"]
[Round "2.35"]
[White "Perez Puyal, Jose Joaquin"]
[Black "Arrieta Restrepo, Steven"]
[Result "1/2-1/2"]
[WhiteElo "1877"]
[BlackElo "1687"]
[PlyCount "131"]
[EventDate "2018.??.??"]
[EventType "tourn"]
[EventRounds "9"]
[EventCountry "ESP"]

1. e4 e6 2. c4 c5 3. Nf3 Nc6 4. g3 Nge7 5. Bg2 g6 6. Nc3 a6 7. d4 cxd4 8. Nxd4
Bg7 9. Be3 O-O 10. O-O Qc7 11. Rc1 d6 12. Nce2 e5 13. Nxc6 bxc6 14. c5 d5 15.
exd5 cxd5 16. b4 Rb8 17. Rb1 d4 18. Bd2 Bb7 19. Bxb7 Qxb7 20. Nc1 Rfd8 21. Nb3
e4 22. Bf4 Rbc8 23. Na5 Qd5 24. Qb3 Qxb3 25. Rxb3 Nd5 26. Nb7 Rd7 27. Nd6 Rc6
28. Nxe4 Nxf4 29. gxf4 Re7 30. f3 f5 31. Nf2 Re2 32. a3 Kf7 33. Nd3 Ke6 34. Rf2
Re3 35. Kg2 Kd5 36. Rc2 Rc8 37. a4 Rce8 38. Kf2 Bf6 39. b5 Bh4+ 40. Kg2 axb5
41. Nb4+ Ke6 42. Rxe3+ dxe3 43. axb5 Rd8 44. Kf1 Rd2 45. Rxd2 exd2 46. Ke2 Bf2
47. Na6 Be3 48. b6 Bxf4 49. c6 Ke7 50. c7 Kd7 51. Nb8+ Kc8 52. Nc6 Kd7 53. Ne7
Bxc7 54. bxc7 Kxc7 55. Kxd2 Kd6 56. Nc8+ Ke5 57. Ke3 f4+ 58. Kf2 Kf5 59. Ne7+
Ke6 60. Nc6 Kf5 61. Nd4+ Ke5 62. Ne2 g5 63. Kg2 Kf5 64. Ng1 Ke5 65. Ne2 Kf5 66.
Nc3 1/2-1/2

[Event "Cto Aragon Equipos Pref Gr I "]
[Site "Aragon"]
[Date "2018.02.03"]
[Round "2.36"]
[White "Mendoza Barcia, Pedro"]
[Black "Aviol Perez, Jose Mariano"]
[Result "0-1"]
[WhiteElo "1686"]
[BlackElo "1786"]
[PlyCount "94"]
[EventDate "2018.??.??"]
[EventType "tourn"]
[EventRounds "9"]
[EventCountry "ESP"]

1. e4 d6 2. d4 Nf6 3. Nc3 g6 4. Bg5 Bg7 5. e5 dxe5 6. dxe5 Ng4 7. Qxd8+ Kxd8 8.
Rd1+ Bd7 9. e6 fxe6 10. Bc4 Ke8 11. Nb5 Na6 12. Nf3 Rd8 13. O-O Rf8 14. Rfe1 c6
15. Nd6+ exd6 16. Bxd8 Kxd8 17. Rxd6 Nc7 18. Red1 Nd5 19. Bxd5 exd5 20. c4 Kc7
21. c5 Re8 22. h3 Ne5 23. Nd4 Nc4 24. Nb5+ cxb5 25. R6xd5 Bc6 26. Rg5 Nxb2 27.
Rb1 Nc4 28. h4 Re5 29. Rg3 Rxc5 30. Re1 Re5 31. Rc1 Re2 32. h5 Be5 33. Rh3 g5
34. a4 Bf4 35. Rd1 bxa4 36. Kf1 Rc2 37. h6 Nd2+ 38. Kg1 Ne4 39. Rf3 Nc3 40.
Rxf4 gxf4 41. Re1 Re2 42. Rc1 Nd5 43. f3 Nf6 44. Rc4 Nd5 45. Kf1 Re6 46. Rd4
Rxh6 47. Re4 Ne3+ 0-1

[Event "Cto Aragon Equipos Pref Gr I "]
[Site "Aragon"]
[Date "2018.02.03"]
[Round "2.37"]
[White "Carruez Gracia, Eduardo"]
[Black "Cid Royo, Jonathan"]
[Result "1-0"]
[WhiteElo "2024"]
[BlackElo "2244"]
[PlyCount "65"]
[EventDate "2018.??.??"]
[EventType "tourn"]
[EventRounds "9"]
[EventCountry "ESP"]

1. e4 c5 2. d4 cxd4 3. c3 d3 4. Bxd3 d6 5. c4 g6 6. Nf3 Bg7 7. O-O Nf6 8. Nc3
O-O 9. Be3 Ng4 10. Bf4 Nc6 11. Qd2 Nge5 12. Bh6 Nxf3+ 13. gxf3 Ne5 14. Be2 Bxh6
15. Qxh6 Be6 16. f4 Nc6 17. Rad1 Qe8 18. f5 gxf5 19. Kh1 Kh8 20. exf5 Bxf5 21.
Bd3 Bg6 22. Nd5 Ne5 23. f4 Bxd3 24. Rxd3 Nxd3 25. Rf3 Rg8 26. Rxd3 Rg6 27. Qh4
e6 28. Ne7 Rg7 29. Qf6 Qa4 30. b3 Qxa2 31. Rg3 Qb1+ 32. Kg2 Qc2+ 33. Kh3 1-0

[Event "Cto Aragon Equipos Pref Gr I "]
[Site "Aragon"]
[Date "2018.02.03"]
[Round "2.39"]
[White "Navarro Sancho, Rafael"]
[Black "Felez Casedas, Carlos"]
[Result "1/2-1/2"]
[WhiteElo "1772"]
[BlackElo "1998"]
[PlyCount "37"]
[EventDate "2018.??.??"]
[EventType "tourn"]
[EventRounds "9"]
[EventCountry "ESP"]

1. e4 d5 2. exd5 Qxd5 3. d4 e5 4. Nf3 exd4 5. Qxd4 Nf6 6. Bc4 Qxd4 7. Nxd4 Bb4+
8. Bd2 Bxd2+ 9. Nxd2 c6 10. O-O O-O 11. Rfe1 c5 12. N4b3 b6 13. Be2 Bb7 14. Bf3
Bxf3 15. Nxf3 Nc6 16. c3 Rfd8 17. Ne5 Nxe5 18. Rxe5 Kf8 19. Rae1 1/2-1/2

[Event "Cto Aragon Equipos Pref Gr I "]
[Site "Aragon"]
[Date "2018.02.03"]
[Round "2.40"]
[White "Pellicer Cemeli, Jose Luis"]
[Black "Mejia Palomino, Rodrigo Albert"]
[Result "1-0"]
[WhiteElo "1969"]
[BlackElo "1619"]
[PlyCount "117"]
[EventDate "2018.??.??"]
[EventType "tourn"]
[EventRounds "9"]
[EventCountry "ESP"]

1. d4 e6 2. c4 Nf6 3. Nc3 d5 4. cxd5 exd5 5. Bg5 Be7 6. e3 O-O 7. Bd3 b6 8.
Bxf6 Bxf6 9. Qh5 g6 10. Qxd5 Qxd5 11. Nxd5 Bd8 12. Be4 c6 13. Nb4 Bb7 14. Ne2
Be7 15. Nd3 Nd7 16. O-O Rac8 17. Rac1 f5 18. Bf3 Ba6 19. Rfd1 c5 20. dxc5 Nxc5
21. Nxc5 Rxc5 22. Rxc5 Bxc5 23. Nf4 Bc4 24. b3 Bf7 25. Bd5 Bxd5 26. Rxd5 Re8
27. Rd7 Re7 28. Rxe7 Bxe7 29. Kf1 Kf7 30. Ke2 Bd6 31. Kd3 g5 32. Nh3 h6 33. f4
Kf6 34. g3 Bc5 35. Ng1 Bb4 36. Nf3 Bc5 37. h3 Bb4 38. g4 Bd6 39. fxg5+ hxg5 40.
gxf5 Kxf5 41. Nd4+ Kg6 42. Ke4 Bc5 43. Ne6 Bb4 44. Kd5 Kh5 45. e4 Kh4 46. Ke5
Kxh3 47. Nxg5+ Kg4 48. Ne6 Bc3+ 49. Kd5 Kf3 50. Nd4+ Ke3 51. Nb5 Bf6 52. Nxa7
Kd3 53. e5 Bh4 54. Nc6 Kc3 55. e6 Kb2 56. e7 Bxe7 57. Nxe7 Kxa2 58. Kc4 b5+ 59.
Kc3 1-0

[Event "Cto Aragon Equipos Pref Gr I "]
[Site "Aragon"]
[Date "2018.02.03"]
[Round "2.41"]
[White "Galve Guinea, Alejandro"]
[Black "Gimeno Oteo, Marco Antonio"]
[Result "0-1"]
[WhiteElo "2019"]
[BlackElo "2104"]
[PlyCount "44"]
[EventDate "2018.??.??"]
[EventType "tourn"]
[EventRounds "9"]
[EventCountry "ESP"]

1. Nf3 Nf6 2. c4 d6 3. d4 g6 4. Nc3 Bg7 5. e4 O-O 6. Be2 e5 7. Be3 c6 8. dxe5
dxe5 9. Qxd8 Rxd8 10. O-O Ng4 11. Bg5 f6 12. Bd2 Na6 13. h3 Nh6 14. Rfd1 Be6
15. Be3 Rxd1+ 16. Rxd1 Nf7 17. a3 Bf8 18. b4 Nc7 19. Nd2 b6 20. Bg4 f5 21. exf5
gxf5 22. Bf3 f4 0-1

[Event "Cto Aragon Equipos Pref Gr I "]
[Site "Aragon"]
[Date "2018.02.03"]
[Round "2.42"]
[White "Gutierrez Mingueza, Ruben"]
[Black "Sarto Ramos, Angel"]
[Result "0-1"]
[WhiteElo "2080"]
[BlackElo "1937"]
[PlyCount "95"]
[EventDate "2018.??.??"]
[EventType "tourn"]
[EventRounds "9"]
[EventCountry "ESP"]

1. d4 d6 2. Bg5 c5 3. dxc5 Qa5+ 4. Nc3 Qxc5 5. Nf3 Nf6 6. e4 Bg4 7. Qd2 Nbd7 8.
Be3 Qc8 9. Nd4 Nb6 10. f3 Bd7 11. Qd3 g6 12. O-O-O Bg7 13. g4 h5 14. g5 Nh7 15.
f4 O-O 16. f5 Be5 17. Be2 Bc6 18. Rdf1 Qd7 19. Nf3 Rfd8 20. Nh4 Nf8 21. Nd5
Bxd5 22. exd5 Qa4 23. fxg6 Qxh4 24. gxf7+ Kg7 25. g6 Na4 26. Rf4 Bxf4 27. Qd4+
Qf6 28. Qxf4 Qxf4 29. Bxf4 Nxg6 30. Bxh5 Kxf7 31. Rg1 Rg8 32. Bh6 Kf6 33. Re1
Nb6 34. Re6+ Kf7 35. c4 Nxc4 36. Bg5 Rae8 37. Re4 Nce5 38. Bg4 Rh8 39. Be6+ Kg7
40. h4 Ref8 41. Rb4 b6 42. Ra4 a5 43. Re4 Nf3 44. Be3 Rxh4 45. Rxh4 Nfxh4 46.
Bxb6 Nf4 47. Bg4 Nxd5 48. Bxa5 0-1

[Event "Cto Aragon Equipos Pref Gr I "]
[Site "Aragon"]
[Date "2018.02.03"]
[Round "2.44"]
[White "Palomar Ramon, Santiago"]
[Black "De La Riva Fernandez, Eduardo"]
[Result "1-0"]
[WhiteElo "1914"]
[BlackElo "1825"]
[PlyCount "83"]
[EventDate "2018.??.??"]
[EventType "tourn"]
[EventRounds "9"]
[EventCountry "ESP"]

1. e4 e6 2. d4 d5 3. Nc3 Nf6 4. Bg5 Be7 5. e5 Nfd7 6. Bxe7 Qxe7 7. Bd3 a6 8.
Nce2 c5 9. c3 Nc6 10. Nf3 cxd4 11. cxd4 f6 12. exf6 Nxf6 13. O-O O-O 14. Ng3 e5
15. Nxe5 Nxe5 16. dxe5 Ng4 17. Be2 Nxe5 18. Qxd5+ Qe6 19. Rad1 Qxd5 20. Rxd5
Nc6 21. Rd6 Rd8 22. Bc4+ Kf8 23. Rxd8+ Nxd8 24. Re1 b5 25. Bb3 Ra7 26. f3 Re7
27. Rxe7 Kxe7 28. Kf2 Be6 29. Bxe6 Nxe6 30. Ke3 Nc5 31. Ne4 Na4 32. b3 Nb6 33.
Kd4 Nd7 34. Nc5 Nb8 35. Kd5 g6 36. b4 h6 37. f4 h5 38. g3 h4 39. gxh4 Ke8 40.
Kd6 Kd8 41. a3 Kc8 42. f5 1-0

[Event "Cto Aragon Equipos Pref Gr I "]
[Site "Aragon"]
[Date "2018.02.03"]
[Round "2.45"]
[White "Miranda Herrera, Jorge Manuel"]
[Black "Rodriguez Leiva, Manuel"]
[Result "1-0"]
[WhiteElo "1858"]
[BlackElo "1935"]
[PlyCount "109"]
[EventDate "2018.??.??"]
[EventType "tourn"]
[EventRounds "9"]
[EventCountry "ESP"]

1. e4 e6 2. d4 d5 3. exd5 exd5 4. Bd3 Nf6 5. h3 c5 6. c3 Nc6 7. Ne2 Be7 8. O-O
O-O 9. dxc5 Bxc5 10. Bg5 h6 11. Bf4 Be6 12. Nd2 Bd6 13. Nf3 Bxf4 14. Nxf4 Qc7
15. Ne2 Ne5 16. Nxe5 Qxe5 17. Nd4 a6 18. a4 Bd7 19. Re1 Qg5 20. Qf3 Rae8 21. a5
Rxe1+ 22. Rxe1 Re8 23. Rxe8+ Nxe8 24. Qe2 Nd6 25. Kh2 Kf8 26. g3 Qe7 27. Qd2
Bc8 28. Qf4 g5 29. Qf3 Qe5 30. Qe2 Ne4 31. Bxe4 dxe4 32. Qc4 Qe8 33. Ne2 Qe6
34. Qd4 Qxh3+ 35. Kg1 Qe6 36. Qh8+ Ke7 37. Nd4 Qg4 38. Qe5+ Be6 39. Qc7+ Kf6
40. Qxb7 e3 41. Qxa6 Qd1+ 42. Qf1 exf2+ 43. Kxf2 Qxf1+ 44. Kxf1 Bd5 45. Kf2 Ke5
46. a6 f5 47. Nb5 f4 48. a7 Ke4 49. Nc7 Bb7 50. gxf4 gxf4 51. a8=Q Bxa8 52.
Nxa8 h5 53. Nb6 h4 54. Nc4 h3 55. Nd2+ 1-0

[Event "Cto Aragon Equipos Pref Gr I "]
[Site "Aragon"]
[Date "2018.02.03"]
[Round "2.46"]
[White "Salas Latorre, Jose"]
[Black "Miranda Garcia, Eduardo"]
[Result "1/2-1/2"]
[WhiteElo "1769"]
[BlackElo "1810"]
[PlyCount "94"]
[EventDate "2018.??.??"]
[EventType "tourn"]
[EventRounds "9"]
[EventCountry "ESP"]

1. c4 d6 2. e4 Nf6 3. Nc3 g6 4. d4 Bg7 5. f3 O-O 6. Be3 Nbd7 7. Qd2 e5 8. O-O-O
c6 9. Bd3 Nb6 10. Nge2 Be6 11. d5 cxd5 12. exd5 Bf5 13. g4 Bxd3 14. Qxd3 Rc8
15. b3 a6 16. h4 Nbd7 17. Kb1 Qa5 18. h5 Nc5 19. Qd2 Qc7 20. Rh3 e4 21. Bxc5
Qxc5 22. Nxe4 Nxe4 23. fxe4 b5 24. Rc1 Qb6 25. Qe3 Qxe3 26. Rxe3 Bh6 27. Rec3
Bxc1 28. Kxc1 Rfe8 29. Ng3 bxc4 30. bxc4 Kg7 31. Kd2 Rc7 32. Kd3 Kf6 33. hxg6
hxg6 34. Nh1 Rh8 35. Nf2 Rh2 36. Ke3 Rb7 37. c5 dxc5 38. Rxc5 Rb2 39. Rc6+ Ke7
40. Nd3 Rxa2 41. Nc5 Rae2+ 42. Kf4 Rhf2+ 43. Kg5 Rc2 44. d6+ Kd8 45. d7 Rxc5+
46. Rxc5 Kxd7 47. Ra5 Kd6 1/2-1/2

[Event "Cto Aragon Equipos Pref Gr I "]
[Site "Aragon"]
[Date "2018.02.03"]
[Round "2.47"]
[White "Soto Fidalgo, Guillermo"]
[Black "Buil Rello, Jose Antonio"]
[Result "1/2-1/2"]
[WhiteElo "1809"]
[BlackElo "1761"]
[PlyCount "60"]
[EventDate "2018.??.??"]
[EventType "tourn"]
[EventRounds "9"]
[EventCountry "ESP"]

1. d4 d6 2. c4 Nd7 3. Nf3 e5 4. dxe5 Nxe5 5. Nxe5 dxe5 6. Qxd8+ Kxd8 7. Nc3 Be6
8. e3 c6 9. Bd2 Nf6 10. O-O-O Kc7 11. g3 Be7 12. b3 Rad8 13. Bg2 Ng4 14. Rdf1
f5 15. h4 Nf6 16. Bh3 Bc8 17. Rd1 Rd3 18. Kc2 e4 19. Bc1 Rhd8 20. Ne2 Rxd1 21.
Rxd1 Rxd1 22. Kxd1 g6 23. Bb2 Ne8 24. Be5+ Bd6 25. Bb2 Bd7 26. a3 a6 27. Kd2 c5
28. Bh8 Be6 29. Nf4 Bf7 30. Kc3 Kc6 1/2-1/2

[Event "Cto Aragon Equipos Pref Gr I "]
[Site "Aragon"]
[Date "2018.02.03"]
[Round "2.48"]
[White "Olivan Alvira, Alejandro"]
[Black "Miranda Herrera, Miguel"]
[Result "0-1"]
[WhiteElo "1512"]
[BlackElo "1722"]
[PlyCount "44"]
[EventDate "2018.??.??"]
[EventType "tourn"]
[EventRounds "9"]
[EventCountry "ESP"]

1. c4 f5 2. Nf3 Nf6 3. Nc3 h6 4. d4 g5 5. h3 d6 6. e3 Bg7 7. Qc2 e6 8. Nd2 Nc6
9. a3 a5 10. Nb5 Ne7 11. c5 d5 12. Bd3 Bd7 13. Nf3 Ng6 14. Bd2 Ne4 15. Nc3 O-O
16. O-O g4 17. hxg4 fxg4 18. Nh2 Nxf2 19. Bxg6 Qh4 20. Ne2 Bb5 21. Nf4 Rxf4 22.
exf4 g3 0-1

[Event "Cto Aragon Equipos Pref Gr I "]
[Site "Aragon"]
[Date "2018.02.03"]
[Round "2.49"]
[White "Malo Guillen, Jose Luis"]
[Black "Vallverdu Miret, Oscar"]
[Result "1/2-1/2"]
[WhiteElo "2113"]
[BlackElo "2082"]
[PlyCount "76"]
[EventDate "2018.??.??"]
[EventType "tourn"]
[EventRounds "9"]
[EventCountry "ESP"]

1. d4 Nf6 2. Nf3 b6 3. c4 Bb7 4. Nc3 g6 5. g3 Bg7 6. Bg2 O-O 7. O-O Qc8 8. Qc2
d5 9. cxd5 Nxd5 10. Nxd5 Bxd5 11. e4 Bb7 12. Be3 Nd7 13. Rac1 c5 14. dxc5 Nxc5
15. Bxc5 Qxc5 16. Qxc5 bxc5 17. Rfe1 Rac8 18. b3 Rfd8 19. Bf1 e6 20. Rc2 Rd7
21. Bb5 Rdd8 22. Bc4 Rc7 23. Bb5 a6 24. Bf1 Rcd7 25. Rxc5 Rd1 26. Rc4 a5 27.
Be2 Rxe1+ 28. Nxe1 Rd2 29. Rc2 Rxc2 30. Nxc2 Bxe4 31. Ne3 Kf8 32. Bb5 Bc3 33.
Kf1 Bf3 34. a3 Ke7 35. Be2 Be4 36. Bc4 Bf3 37. Be2 Be4 38. Bc4 Bf3 1/2-1/2

[Event "Cto Aragon Equipos Pref Gr I "]
[Site "Aragon"]
[Date "2018.02.03"]
[Round "2.50"]
[White "Aribau Rivas, Miguel Angel"]
[Black "Querol Soro, Sergio"]
[Result "1-0"]
[WhiteElo "2029"]
[BlackElo "1959"]
[PlyCount "75"]
[EventDate "2018.??.??"]
[EventType "tourn"]
[EventRounds "9"]
[EventCountry "ESP"]

1. e4 g6 2. d4 d5 3. exd5 Qxd5 4. Nc3 Qd8 5. Nf3 Nf6 6. Bc4 Bg7 7. O-O O-O 8.
h3 c6 9. Qe2 b5 10. Bb3 a5 11. a4 b4 12. Nb1 Ba6 13. Bc4 Bxc4 14. Qxc4 Qd5 15.
Nbd2 Nbd7 16. Re1 Rfe8 17. c3 c5 18. cxb4 cxb4 19. Ne5 Nb6 20. Qc5 Qxc5 21.
dxc5 Nbd7 22. Nd3 Rec8 23. Nb3 e5 24. f3 Nd5 25. Bd2 Rc6 26. Rac1 Nc7 27. Be3
Ne6 28. Bf2 Nd8 29. f4 Re6 30. fxe5 Nxe5 31. Nf4 Rf6 32. Nd5 Rxf2 33. Kxf2 Nd3+
34. Kf3 Nxc1 35. Re8+ Bf8 36. Nxc1 Rb8 37. Nf6+ Kg7 38. Nd7 1-0

[Event "Cto Aragon Equipos Pref Gr I "]
[Site "Aragon"]
[Date "2018.02.03"]
[Round "2.52"]
[White "Agustin De Dios, Adrian"]
[Black "Morato Garcia, Jesus"]
[Result "1-0"]
[WhiteElo "1707"]
[BlackElo "1914"]
[PlyCount "47"]
[EventDate "2018.??.??"]
[EventType "tourn"]
[EventRounds "9"]
[EventCountry "ESP"]

1. e4 c5 2. Nc3 g6 3. g3 Bg7 4. Bg2 Nc6 5. d3 Nf6 6. Be3 d6 7. h3 O-O 8. Qd2
Re8 9. Nge2 Rb8 10. O-O Bd7 11. f4 e6 12. g4 b5 13. Ng3 Kh8 14. Nce2 Qc8 15. f5
exf5 16. gxf5 Ne5 17. Bh6 Bc6 18. Bxg7+ Kxg7 19. fxg6 fxg6 20. Qg5 Qd8 21. Rxf6
h6 22. Nf5+ Kg8 23. Rxg6+ Kf8 24. Qxh6+ 1-0